000 00633nam a2200253 a 4500
003 AR-BaBNM
005 20251128205611.0
008 082120s2002 ||||||||||||||000 | spa||
020 _a950-04-0582-2
040 _cAR-BaBNM
100 1 _aSteimberg, Alicia
245 0 0 _aEl árbol del placer
250 _a1ª ed.
260 _aBuenos Aires
_bEmecé
_c1986
300 _a172 p.
490 0 _aEscritores argentinos. Novelas, cuentos y relatos
650 4 _aLITERATURA ARGENTINA
650 4 _aLITERATURA CONTEMPORANEA
650 4 _aNOVELAS
650 4 _aHUMOR
655 _aLITERATURA
942 _cBK
998 _cMARTIN
999 _c12082
_d12082